Hướng dẫn sử dụng các hình ảnh về Chủ tịch Hồ Chí Minh trên CD và phần mền Microsoft Powerpoint trong dạy học lịch sử
Hướng dẫn nội dung và phương pháp sử dụng CD tranh, ảnh về Hồ Chí Minh trong dạy học lịch sử, lịch sử dân tộc ở trường phổ thông và việc sử dụng các hình ảnh về Chủ tịch Hồ Chí Minh trên Microsoft Power trong các bài học nội khoá và ngoại khoá...
Sparad:
| Övriga upphovsmän: | , , , , |
|---|---|
| Materialtyp: | Bok |
| Språk: | Vietnamese |
| Publicerad: |
H.
Đại học Sư phạm
2006
|
| Ämnen: | |
| Taggar: |
Lägg till en tagg
Inga taggar, Lägg till första taggen!
|
| Thư viện lưu trữ: | Mạng thư viện Đại học Đà Nẵng |
|---|
| LEADER | 01663aam a22003978a 4500 | ||
|---|---|---|---|
| 001 | 000008152 | ||
| 003 | 4336 | ||
| 005 | 20111014091015.0 | ||
| 008 | 111014s2006 viesd | ||
| 020 | |c 24500đ |d 1000b | ||
| 041 | |a vie | ||
| 082 | 1 | 4 | |2 14 |a 959.70071 |
| 084 | |a U426.30 |b H561D | ||
| 245 | |a Hướng dẫn sử dụng các hình ảnh về Chủ tịch Hồ Chí Minh trên CD và phần mền Microsoft Powerpoint trong dạy học lịch sử |c Nguyễn Thị Côi (ch.b.), Trịnh Đình Tùng, Nguyễn Mạnh Hưởng.. | ||
| 260 | |a H. |b Đại học Sư phạm |c 2006 | ||
| 300 | |a 220tr. |b ảnh |c 21cm | ||
| 504 | |a Thư mục: tr. 219-220 | ||
| 520 | |a Hướng dẫn nội dung và phương pháp sử dụng CD tranh, ảnh về Hồ Chí Minh trong dạy học lịch sử, lịch sử dân tộc ở trường phổ thông và việc sử dụng các hình ảnh về Chủ tịch Hồ Chí Minh trên Microsoft Power trong các bài học nội khoá và ngoại khoá | ||
| 650 | 7 | |2 Bộ TK TVQG |a Phương pháp giảng dạy | |
| 650 | 7 | |2 Bộ TK TVQG |a Lịch sử | |
| 650 | 7 | |2 Bộ TK TVQG |a Tin học ứng dụng | |
| 650 | 7 | |2 Bộ TK TVQG |a Phần mềm Power Point | |
| 650 | 7 | |2 Bộ TK TVQG |a Trường phổ thông | |
| 700 | 1 | |a Nguyễn Thị Côi |e ch.b. | |
| 700 | 1 | |a Nguyễn Văn Ninh | |
| 700 | 1 | |a Trịnh Đình Tùng | |
| 700 | 1 | |a Đoàn Văn Hưng | |
| 700 | 1 | |a Nguyễn Mạnh Hưởng | |
| OWN | |a LSP | ||
| 999 | |a From the UDN01 | ||
| TYP | |a Monograph | ||
| TYP | |a Printed language | ||
| 980 | |a Mạng thư viện Đại học Đà Nẵng | ||